Sports Quiz

Random Sports or Football Quiz
Score 0/25 Timer 10:00
0 Plays Today
League(s) Player % Correct
NFLBrett Favre
90%
NFLDan Marino
88.7%
CFL/NFLWarren Moon
80.7%
NFLPeyton Manning
78%
NFLJoe Montana
69.3%
CFL/NFL/USFLDoug Flutie
67.3%
NFLJohn Elway
62%
NFLFran Tarkenton
54.7%
NFLJohnny Unitas
54.7%
NFL/USFLJim Kelly
48%
NFLVinny Testaverde
44%
NFLDan Fouts
42.7%
NFLDrew Bledsoe
38%
League(s) Player % Correct
NFLBoomer Esiason
24.7%
CFL/NFLJeff Garcia
24%
NFLKerry Collins
24%
NFLDave Krieg
17.3%
CFLDamon Allen
15.3%
CFLAnthony Calvillo
8.7%
CFL/NFLDanny McManus
5.3%
CFLMatt Dunigan
5.3%
CFL/NFLDieter Brock
4.7%
CFLRon Lancaster
4%
CFLTracy Ham
4%
CFL/NFLTom Clements
3.3%

You're not logged in!

Compare scores with friends on all Sporcle quizzes.
OR
Log In

Sporcle TV

Today on Sporcle TV


Watch our educational content, quiz creation guides, and fun videos on Sporcle TV.

Show Comments

Extras

Top Quizzes Today


Score Distribution

Paid Content

Your Account Isn't Verified!

In order to create a playlist on Sporcle, you need to verify the email address you used during registration. Go to your Sporcle Settings to finish the process.

Report this User

Report this user for behavior that violates our Community Guidelines.

Details: